| 000 | 00516nam a2200181Ia 4500 | ||
|---|---|---|---|
| 003 | GCL | ||
| 008 | 140319s9999 xx 000 0 eng d | ||
| 040 |
_aGCL / _cGCL |
||
| 082 | 0 | 4 |
_a332.042 _bP H |
| 100 | 1 | _aPLOEG, FREDERICK VAN DEO | |
| 245 | 1 | 0 |
_aTHE HANDBOOK OF INTERNATIONAL MACROECONOMICS / _cPLOEG, FREDERICK VAN DEO |
| 260 |
_a[S.N] : _bBLACKWELL PUBLISHERS ، _c1994 |
||
| 300 | _a590 P | ||
| 650 | 0 | 4 | _aINTERNATIONAL FINANCE |
| 650 | 0 | 4 | _aMACROECONOMICS |
| 650 | 0 | 4 | _aMONETARY POLICY |
| 942 |
_2ddc _cBK |
||
| 999 |
_c22157 _d22157 |
||